Praca zawodowa a zycie rodzinne kobiet

Salvato in:
Dettagli Bibliografici
Natura: Libro
Lingua:polacco
Pubblicazione: Lódz Uniwersytet 1979
Serie:Acta Universitatis Lodziensis Seria 3. Nr. 44
Tags: Aggiungi Tag
Nessun Tag, puoi essere il primo ad aggiungerne!!

MARC

LEADER 00000nam a2200000 4500
001 c136915
005 20250630074741.1
041 0 |a pol 
044 |a PL 
245 1 0 |a Praca zawodowa a zycie rodzinne kobiet 
264 1 |a Lódz  |b Uniwersytet  |c 1979 
300 |a 120 s. 
490 1 |a Acta Universitatis Lodziensis  |v Seria 3. Nr. 44 
830 0 |a Acta Universitatis Lodziensis  |v Seria 3. Nr. 44